Vista normal
Vista MARC
Entrada Nombre Personal
Número de registros utilizados en: 1
001 - Número de Control
- control field: 44253
003 - Identificador de Número de Control
- control field: EC-QuCCB
005 - Fecha y Hora de la última transacción
- Campo de Control: 20260406162817.0
008 - Elementos de Datos de Longitud Fija
- fixed length control field: 260109|| aca||aabn | a|a d
040 ## - Origen de la Catalagación
- Agencia catalogadora original: EC-QuCCB
- Idioma de la catalogación: spa
100 1# - Asiento Principal--Nombre Personal
- Nombre personal :: Carrera, Eduardo,
- Fecha asociadas con el Nombre : : 1955-
400 0# - Trazado Véase Desde -- Nombre Personal
- Nombre Personal: Eduardo Carrera,
- Fechas asociadas con un nombre : : 1955-
670 ## - Fuente de la Información Encontrada
- Fuente citada :: No lugar : antología de proyectos 2010 , 2013:
- Informacion encontrada :: Portada (Eduardo Crespo)
670 ## - Fuente de la Información Encontrada
- Fuente citada :: VIAF
- Informacion encontrada :: Carrera, Eduardo, 1955-
- Identificador Uniforme de Recursos :: https://viaf.org/es/viaf/170042702
678 ## - Información Geográfica o Histórica
- Información Histórica o Biográfica: Loqueleo. Eduardo Carrera; Nació en Córdoba, Argentina en 1955, es técnico agrónomo por la Universidad Nacional de Córdoba, y poeta desde que vive en México desde 1990. Ha escrito numerosos libros de poesía para niños.
- Identificador Uniforme de Recursos: https://www.loqueleo.com/mx/autores/eduardo-carrera























